000 00549nam a2200217Ia 4500
003 OSt
005 20220928144957.0
006 a|||||r|||| 00| 0
007 ta
008 220927b |||||||| |||| 00| 0 eng d
024 _a77693
037 _cTextual
040 _aSDCL
_cSDCL
_beng
041 _2eng
_aeng
082 _aQ1:332V, M7
100 _aChaubey B B Ed.
245 0 _aVisvamitra in vedic and post vedic literature.
260 _c1987
942 _hQ1:332V, M7
_cTEXL
_2CC
999 _c831019
_d831019